| 000 | 01589cam a2200373 a 4500 | ||
|---|---|---|---|
| 001 | 12814626 | ||
| 003 | OSt | ||
| 005 | 20140310182059.0 | ||
| 008 | 020612s2003 nyua c b 001 0 eng | ||
| 010 | _a 2002008483 | ||
| 020 | _a0823937976 (lib. bdg.) | ||
| 040 |
_aDLC _cDLC _dDLC |
||
| 042 |
_apcc _alcac |
||
| 050 | 0 | 0 |
_aTN 871.2 _b.B55 2003 |
| 082 | 0 | 0 | _a622/.3382/023 |
| 100 | 1 |
_aWhite, Katherine. _912942 |
|
| 245 | 1 | 0 |
_aOil rig workers : _blife drilling for oil / _cKatherine White. |
| 250 | _a1st ed. | ||
| 260 |
_aNew York : _bRosen Pub. Group, _c2003. |
||
| 300 |
_a64 p. : _bcol. ill. ; _c22 cm. |
||
| 440 | 0 |
_aExtreme careers _99976 |
|
| 504 | _aIncludes bibliographical references (p. 56-61) and index. | ||
| 505 | 0 | _aWhat is an oil rig worker? -- Becoming a rig worker -- A day in the life -- The Future of rig work. | |
| 520 | _aExplores how to prepare for and get into the field of oil rig work as a leasehand, rigger, driller, or drilling manager, and looks at the daily life of one who chooses a career as an oil worker. | ||
| 521 | _aFirst year to Fourth year students | ||
| 526 | _c1000L to 1310L | ||
| 650 | 0 |
_aOil well drilling _xVocational guidance _zUnited States _vJuvenile literature. _912943 |
|
| 650 | 1 |
_aOil well drilling _vVocational guidance. _912944 |
|
| 650 | 1 |
_aVocational guidance. _92038 |
|
| 906 |
_a7 _bcbc _corignew _d1 _eecip _f20 _gy-gencatlg |
||
| 942 |
_2lcc _cBK _kHS |
||
| 999 |
_c9158 _d9158 |
||